Countries Most Similar To Mauritius - Statistics

General Stats
  • This quiz has been taken 53 times
  • The average score is 7 of 20
Answer Stats
Rank Country Score % Correct
16 India 58.5
74%
3 Sri Lanka 63.5
74%
2 Fiji 63.9
57%
4 Guyana 62.9
45%
8 Jamaica 61.2
43%
1 Trinidad and Tobago 68.1
43%
17 Cuba 58.5
36%
9 Dominican republic 61.1
36%
5 Suriname 61.9
33%
6 Belize 61.5
29%
10 Costa Rica 61
29%
20 Haiti 58.2
29%
19 Vanuatu 58.2
29%
7 Panama 61.3
24%
14 Samoa 59.2
24%
13 Bahamas 59.8
21%
12 Cape Verde 60.3
21%
11 Malaysia 60.5
19%
15 Philippines 58.7
19%
18 Brazil 58.5
14%
No matching quizzes found
Score Distribution
Percent of People with Each Score
Percentile by Number Answered
Your Score History
You have not taken this quiz